000 00446nam a2200205Ia 4500
001 110577
003 YMCAF
005 20230512162421.0
008 100717s2004 ||||||||||||||||| ||und|d
024 _a110577
035 _aWB1564
040 _aYMCAF
_beng
_cIN-KoLT
041 _aeng
082 _a621.3
_bMIT
100 _aMittle, V N
245 0 _aBasic electrical engineering
260 _bTMH
_c2004
300 _a697
942 _2ddc
_cBK
999 _c11882
_d11882